MARC details
| 000 -LEADER |
| campo de control de longitud fija |
01488nam a2200301 i 4500 |
| 001 - NÚMERO DE CONTROL |
| campo de control |
180113 |
| 003 - IDENTIFICADOR DE NÚMERO DE CONTROL |
| campo de control |
ES-MaACL |
| 005 - FECHA Y HORA DE LA ÚLTIMA TRANSACCIÓN |
| campo de control |
20230928164251.0 |
| 008 - DATOS DE LONGITUD FIJA--INFORMACIÓN GENERAL |
| campo de control de longitud fija |
120418r20101859sp afp |||| | spa d |
| 020 ## - NÚMERO INTERNACIONAL ESTÁNDAR DEL LIBRO |
| Número Internacional Estándar del Libro |
978-84-9911-093-6 |
| 080 ## - NÚMERO DE LA CLASIFICACIÓN DECIMAL UNIVERSAL |
| Número de la Clasificación Decimal Universal |
514.18 |
| 100 1# - ENTRADA PRINCIPAL--NOMBRE DE PERSONA |
| Nombre de persona |
Laviña, Matías. |
| 9 (RLIN) |
128755 |
| 245 10 - MENCIÓN DEL TÍTULO |
| Título |
Principios de geometría descriptiva / |
| Mención de responsabilidad, etc. |
Matías Laviña Blasco ; prólogo de Javier García-Gutiérrez Mosteiro. |
| 260 ## - PUBLICACIÓN, DISTRIBUCIÓN, ETC. |
| Lugar de publicación, distribución, etc. |
Zaragoza : |
| Nombre del editor, distribuidor, etc. |
Institución "Fernando el Católico", |
| Fecha de publicación, distribución, etc. |
2010. |
| 300 ## - DESCRIPCIÓN FÍSICA |
| Extensión |
39, 43 p., VIII h. de lám. : |
| Otras características físicas |
il. ; |
| Dimensiones |
24 cm. |
| 490 1# - MENCIÓN DE SERIE |
| Mención de serie |
Éntasis : cuadernos de arquitectura de la Cátedra "Ricardo Magdalena" ; |
| Designación de volumen o secuencia |
38 |
| 490 1# - MENCIÓN DE SERIE |
| Mención de serie |
Publicación n. 3016 de la Institución "Fernando el Católico" ; |
| Designación de volumen o secuencia |
3016 |
| 534 ## - NOTA SOBRE LA VERSIÓN ORIGINAL |
| Frase introductoria |
Reprod. de la edición de. |
| Mención de título del original |
Principios de geometría descriptiva para los alumnos de pintura y escultura, |
| Publicación, distribución, etc. del original |
Madrid : [s.n.], 1859 (Imp. de A. Vicente) |
| 650 #7 - PUNTO DE ACCESO ADICIONAL DE MATERIA--TÉRMINO DE MATERIA |
| Término de materia o nombre geográfico como elemento de entrada |
Geometría descriptiva. |
| 9 (RLIN) |
136182 |
| 700 1# - ENTRADA AGREGADA--NOMBRE PERSONAL |
| Nombre de persona |
García Gutiérrez-Mosteiro, Javier. |
| 9 (RLIN) |
149823 |
| 710 2# - ENTRADA AGREGADA--NOMBRE DE ENTIDAD CORPORATIVA |
| Nombre de entidad corporativa o nombre de jurisdicción como elemento de entrada |
Institución "Fernando el Católico" |
| 9 (RLIN) |
4721 |
| 740 0# - ENTRADA AGREGADA--TÍTULO RELACIONADO/ANALÍTICO NO CONTROLADO |
| Título relacionado o analítico no controlado |
Principios de geometría descriptiva para los alumnos de pintura y escultura. |
| 830 0# - PUNTO DE ACCESO ADICIONAL DE SERIE-TÍTULO UNIFORME |
| Título uniforme |
Éntasis : cuadernos de arquitectura de la Cátedra "Ricardo Magdalena" ; |
| Designación de volumen o secuencia |
38 |
| 9 (RLIN) |
224598 |
| 830 00 - PUNTO DE ACCESO ADICIONAL DE SERIE-TÍTULO UNIFORME |
| Título uniforme |
Publicación ... de la Institución Fernando el Católico ; |
| 9 (RLIN) |
233871 |
| Designación de volumen o secuencia |
3016 |
| 852 ## - LOCALIZACIÓN |
| Ubicación |
ES-MaACL |
| Número de control de estantería |
A-12058 |
| itemnumber |
187023 |
| Sublocalización o colección |
R.147220 |
| Ubicación en estantería |
Depósito 1 |
| Signatura antigua |
Olim: N-5063 |
| 942 ## - ELEMENTOS DE ENTRADA SECUNDARIOS (KOHA) |
| Fuente del sistema de clasificación o colocación |
Clasificación decimal universal |
| Tipo de ítem Koha |
Libro impreso |